000 00658nam a2200205 4500
001 140154
003 ES-MaACL
005 20240228185852.0
007 t|
008 070214s1968 sp r ||||1| spa d
100 1 _aSeelmann, Kurt.
_9105093
245 1 1 _a¿De dónde vienen los niños? /
_cpor Kurt Seelmann ; dibujos de Ali Mitgutsch ; [traducción de José Mª Pomares].
250 _a1ª ed.
260 _aBarcelona [etc.] :
_bPlaza y Janés,
_c1968.
300 _a182 p. :
_bil. ;
_c19 cm.
700 1 _aMitgutsch, Ali.
_981693
700 0 _aPomares, José M.,
_d1943-
_992903
852 _aES-MaACL
_jC-51820
_bR.67424
999 _c140154
_d140154